| 000 | 00587nam a2200181Ia 4500 | ||
|---|---|---|---|
| 008 | 090124s9999 xx 000 0 und d | ||
| 082 |
_b21915 _a2610 |
||
| 100 | _aमिराशी वा. वि. | ||
| 245 | _a संशोधनमुक्तावली 5 वा | ||
| 250 | _a1 | ||
| 260 | _c1966 | ||
| 300 | _a247 | ||
| 600 | _aमिराशी वा. वि. | ||
| 630 | _a संशोधनमुक्तावली 5 वा | ||
| 700 | _aमिराशी वा. वि. | ||
| 730 | _a संशोधनमुक्तावली 5 वा | ||
| 942 | _cBOOK | ||
| 999 |
_c135562 _d135562 |
||